Reed's advanced electrotechnology for engineers, vol. 7 (Record no. 3173)

000 -LEADER
fixed length control field 00401nam a2200157Ia 4500
008 - FIXED-LENGTH DATA ELEMENTS--GENERAL INFORMATION
fixed length control field 200103s9999||||xx |||||||||||||| ||und||
020 ## - INTERNATIONAL STANDARD BOOK NUMBER
International Standard Book Number 9780713676846,
082 ## - DEWEY DECIMAL CLASSIFICATION NUMBER
Classification number Column-4
100 ## - MAIN ENTRY--PERSONAL NAME
Personal name Kraal, Emund George R
245 #0 - TITLE STATEMENT
Title Reed's advanced electrotechnology for engineers, vol. 7
250 ## - EDITION STATEMENT
Edition statement Vol.7
260 ## - PUBLICATION, DISTRIBUTION, ETC. (IMPRINT)
Name of publisher, distributor, etc Adlard Coles Nautical
Date of publication, distribution, etc 2010
300 ## - PHYSICAL DESCRIPTION
Extent 669
942 ## - ADDED ENTRY ELEMENTS (KOHA)
Item type Books
Holdings
Withdrawn status Lost status Source of classification or shelving scheme Damaged status Not for loan Collection code Permanent location Current location Shelving location Date acquired Total Checkouts Full call number Barcode Date last seen Date last borrowed Koha item type Public note
          Non-fiction IMU-MPC Library IMU-MPC Library General Stacks 2020-01-08 1 621.381 KRA LBS13708 2025-03-17 2022-06-21 Books Column-4
Copyright © 2021 Indian Maritime University, Mumbai Port Campus. All Rights Reserved. Managed & Maintained by Central Library, IMU-Mumbai

webs counters

Powered by Koha